000 01994nam0a2200349 4500
001 RU\NLR\BIBL_A\012280563
005 20200716161931.0
010 _a978-5-6043144-6-3
_9500
021 _aRU
_bКН-П-20-010432
_9КН-П-20-0809
035 _a(NLR Aleph) 012280563
035 _a(RuMoRGB)010284543
090 _a11216263
_c11216263
100 _a20200626d2019 u y0rusy50 ca
101 0 _arus
102 _aRU
105 _aa|||z|||000zy
181 0 _ai
_baxxe
182 0 _an
200 1 _aПлеменной и продуктивный потенциал калмыцкой породы скота в племенных хозяйствах Российской Федерации
_e[сборник]
_fРоссийская Федерация, Национальная ассоциация заводчиков калмыцкого скота, ФГБНУ "Федеральный научный центр биологических систем и агротехнологий Российской академии наук"
_g[подготовлен академиком Амерхановым Х. А. и др.]
203 _aТекст
_bвизуальный
_cнепосредственный
210 _aМосква
_cВестник РАСХН
_d2019
215 _a33 с.
_cцв. ил., табл.
_d20
606 1 _aКалмыцкий скот
_jСборники
_xПлеменное разведение
_yРоссийская Федерация
_92290572
_3RU\NLR\AUTH\6601599344
686 1 _aП603.9Калмыцкий-3(2Р)я43
702 1 _4220
_7ca
_8rus
_aАмерханов
_bХ. А.
_f1951-
_gХарон Адиевич
_980803
_3RU\NLR\AUTH\7797877
712 0 2 _4570
_aНациональная ассоциация заводчиков калмыцкого скота
_cОренбург
_9632807
_3RU\NLR\AUTH\880486194
942 _cBOOK
980 _aNBR
980 _aNB